000
00263nam a22001097a 4500
008
140529t xxu||||| |||| 00| 0 eng d
020
_a
0-442-24086-4
100
_a
Mahendra K. Jain
_9
917
245
_a
The bimolecular lipid membrane
300
_a
470
942
_2
ddc
_c
BK
999
_c
17155
_d
17155